Mensaje leído por el excelentísimo señor presidente de la República, Doctor Joaquín Balaguer, ante el Congreso Nacional, el 27 de febrero de 1968, en ocasión de presentar las memorias de los diversos departamentos de la administración pública, correpondientes al ejercicio del año 1967 /. (Registro nro. 29269)
[ vista simple ]
| 000 -CABECERA | |
|---|---|
| campo de control de longitud fija | 00742nam a2200169 a 4500 |
| 001 - NÚMERO DE CONTROL | |
| campo de control | 000029777 |
| 003 - IDENTIFICADOR DEL NÚMERO DE CONTROL | |
| campo de control | DO-SdBNP |
| 005 - FECHA Y HORA DE LA ÚLTIMA TRANSACCIÓN | |
| campo de control | 20210630093657.0 |
| 008 - DATOS DE LONGITUD FIJA--INFORMACIÓN GENERAL | |
| campo de control de longitud fija | 091124s1967 dr 000 0 spa d |
| 040 ## - FUENTE DE LA CATALOGACIÓN | |
| Centro catalogador/agencia de origen | DO-SdBNP |
| Lengua de catalogación | spa |
| Centro/agencia transcriptor | BNPHU |
| 049 ## - FONDOS LOCALES (OCLC) | |
| Fondos de biblioteca | BNPD |
| 082 ## - NÚMERO DE LA CLASIFICACIÓN DECIMAL DEWEY | |
| Número de clasificación | xxxx |
| Número de documento/Ítem | M548 |
| 245 00 - MENCIÓN DE TÍTULO | |
| Título | Mensaje leído por el excelentísimo señor presidente de la República, Doctor Joaquín Balaguer, ante el Congreso Nacional, el 27 de febrero de 1968, en ocasión de presentar las memorias de los diversos departamentos de la administración pública, correpondientes al ejercicio del año 1967 /. |
| 260 ## - PUBLICACIÓN, DISTRIBUCIÓN, ETC. | |
| Lugar de publicación, distribución, etc. | Santo Domingo : |
| Nombre del editor, distribuidor, etc. | Dirección General de Información y Prensa de la Presidencia, |
| Fecha de publicación, distribución, etc. | [1967]. |
| 300 ## - DESCRIPCIÓN FÍSICA | |
| Extensión | 23 p. ; |
| Dimensiones | 21 cm. |
| 942 ## - ELEMENTOS DE PUNTO DE ACCESO ADICIONAL (KOHA) | |
| Fuente del sistema de clasificación o colocación | Dewey Decimal Classification |
| Tipo de ítem Koha | Libro |
| Estado de retiro | Estado de pérdida | No para préstamo | Código de colección | Localización permanente | Ubicación/localización actual | Ubicación en estantería | Fecha de adquisición | Número de inventario | Total de préstamos | Signatura topográfica completa | Código de barras | Fecha visto por última vez | Precio válido a partir de | Tipo de ítem Koha |
|---|---|---|---|---|---|---|---|---|---|---|---|---|---|---|
| Patrimonio Dominicano | Patrimonio Dominicano | Patrimonio Dominicano | Orden iniciada | 25.04.2011 | LF1 | xxx M548 | 29777-10 | 25.06.2020 | 25.06.2020 | Libro y Folleto Colección Patrimonio Dominicano |
